=LDR 00000nam 2200000 4500 =001 INLIS000000000011003 =005 20130612102618 =008 ***********************************Ind** =035 ##$$0010-061300000011003 =041 ##$$a Ind =082 ##$$a 664.94 =090 ##$$a 664.94, Jar-i =100 ##$$a Jariah, Aldas Siregar =245 ##$$a Ikan Duri Lunak, Abbas Siregar Djariah =260 ##$$a 199 $b Yogyakarta =300 ##$$a 40 hlm, ilus, 19 cm =650 ##$$a Ikan =650 ##$$a Pengawetan =850 ##$$a NBPNMAT